00433nam a2200157Ia 45000010006000000050017000060080041000230410008000640820016000721000036000882450098001242600009002223000028002316500008002596540008002671770320260306171536.0260306s9999||||xx |||||||||||||| ||und|| aESP a658.15bG96 aGutiérrez Carmona, JairoeAUT 0aModelos financieros con excel:bherramientas para mejorar la toma de decisiones empresariales c2008 a367 páginas :c24 cm. aGEN aCAN